Ładuje się......

Dynamics of Industrial relations

Opis bibliograficzny
1. autor: SABINA
Format: Printed Book
Wydane: Alfa publications,ND 2008
Hasła przedmiotowe:
LEADER 00500nam a2200193 4500
020 |c 650 
082 |a 338.6 SAB-D 
100 |a SABINA 
245 |a Dynamics of Industrial relations 
250
260 |a Alfa publications,ND  |c 2008 
300
490
500
590 |a Arunima  |c 650 
650 |a Industrial economics 
942 |c BK 
999 |c 115684  |d 115684 
952 |0 0  |1 0  |4 0  |6 338_600000000000000_SABD  |7 0  |9 129151  |a ECN  |b ECN  |g 650.00  |l 0  |o 338.6 SAB-D  |p ECN12704  |r 2019-09-25  |w 2019-09-25  |y BK